[Event "3rd Africa-ch"]
[Site "Cairo EGY"]
[Date "2001.09.24"]
[Round "9"]
[White "Hamdouchi, Hichem"]
[Black "Abdelnabbi, Imed"]
[Result "1-0"]
[WhiteElo "2533"]
[BlackElo "2430"]
[EventDate "2001.09.16"]
[PlyCount "115"]

1.e4 c5 2.Nc3 e6 3.Nf3 d6 4.d4 cxd4 5.Nxd4 Nf6 6.Be3 a6 7.f3 b5 8.g4 h6 9.
Qd2 Bb7 10.O-O-O Nbd7 11.h4 b4 12.Nce2 d5 13.Bh3 dxe4 14.g5 hxg5 15.hxg5 
exf3 16.Nf4 Ne4 17.Qe1 f2 18.Bxf2 Qxg5 19.Be3 Qh4 20.Ndxe6 Qxe1 21.Nxg7+ 
Kd8 22.Rhxe1 Rxh3 23.Nxh3 Bxg7 24.Ng5 Ke8 25.Nxf7 Ndf6 26.Ng5 Rc8 27.Bd4 
Rc4 28.Nxe4 Bxe4 29.Rxe4+ Nxe4 30.Bxg7 Ng3 31.Be5 Nf5 32.Re1 Kd7 33.b3 Rg4
34.Re2 Kc6 35.Kb2 Rg6 36.Bf4 a5 37.Re5 Nd4 38.Be3 Ne2 39.Rxa5 Rg3 40.Bd2 
Nc3 41.Bxc3 bxc3+ 42.Ka3 Rg2 43.b4 Rxc2 44.Kb3 Rh2 45.Rc5+ Kb6 46.Rxc3 Rh1
47.Rg3 Rb1+ 48.Ka4 Ra1 49.Rg6+ Kb7 50.a3 Kc7 51.b5 Kb7 52.Kb4 Rh1 53.a4 
Rh4+ 54.Ka5 Rh7 55.Rg4 Rf7 56.Kb4 Rf1 57.Rg7+ Kb8 58.b6 1-0

[Event "3rd Africa-ch"]
[Site "Cairo EGY"]
[Date "2001.09.24"]
[Round "9"]
[White "Molale, Ofentse"]
[Black "Lungu, Malupande"]
[Result "1-0"]
[WhiteElo "2101"]
[BlackElo "2338"]
[EventDate "2001.09.16"]
[PlyCount "77"]

1.e4 e5 2.Nf3 Nc6 3.Bc4 Nf6 4.d3 Be7 5.Bb3 O-O 6.O-O d5 7.exd5 Nxd5 8.Re1 
Bg4 9.Nbd2 Bh5 10.h3 f5 11.Nc4 Bf6 12.Ne3 Ne7 13.g4 fxg4 14.hxg4 Bf7 15.g5
Bh5 16.gxf6 Rxf6 17.Nxd5 Nxd5 18.Rxe5 Bxf3 19.Qxf3 Rxf3 20.Rxd5 Qxd5 21.
Bxd5+ Rf7 22.Bf4 c6 23.Bxf7+ Kxf7 24.Re1 Rd8 25.Re4 Rd7 26.a4 a6 27.Kg2 
Rd5 28.d4 g5 29.Be3 h6 30.c4 Rd7 31.Re5 Kf6 32.a5 Rg7 33.Re8 Rd7 34.Kg3 
Kf7 35.Re5 Rd6 36.Kf3 Kf6 37.Ke4 Rd7 38.d5 cxd5+ 39.cxd5 1-0

[Event "3rd Africa-ch"]
[Site "Cairo EGY"]
[Date "2001.09.24"]
[Round "9"]
[White "Rizouk, Aimen"]
[Black "Simutowe, Amon"]
[Result "1/2-1/2"]
[WhiteElo "2442"]
[BlackElo "2462"]
[EventDate "2001.09.16"]
[PlyCount "39"]

1.e4 c5 2.Nf3 d6 3.c3 Nf6 4.Be2 e6 5.O-O Nc6 6.d3 Be7 7.Nbd2 O-O 8.d4 cxd4
9.cxd4 Qb6 10.Nc4 Qc7 11.d5 Na5 12.Ne3 b6 13.Bd3 Nb7 14.b4 a5 15.bxa5 Rxa5
16.Bd2 Ra8 17.dxe6 Bxe6 18.Nd4 Bxa2 19.Nb5 Qd7 20.Nc3 1/2-1/2

[Event "2nd Africa-ch playoff 1-2"]
[Site "Cairo EGY"]
[Date "2001.09.25"]
[Round "10.1"]
[White "Hamdouchi, Hichem"]
[Black "Kobese, Watu"]
[Result "1/2-1/2"]
[WhiteElo "2533"]
[BlackElo "2373"]
[EventDate "2001.09.25"]
[PlyCount "36"]

1.e4 c5 2.Nf3 e6 3.d3 Nc6 4.g3 g6 5.Bg5 Qb6 6.Nbd2 d5 7.exd5 exd5 8.Qe2+ 
Be7 9.Bg2 h6 10.Be3 Be6 11.O-O Nf6 12.c3 Ng4 13.Bf4 g5 14.Be5 Ngxe5 15.
Nxe5 Nxe5 16.Qxe5 O-O-O 17.c4 Qd6 18.Qxd6 Rxd6 1/2-1/2

[Event "2nd Africa-ch playoff 1-2"]
[Site "Cairo EGY"]
[Date "2001.09.25"]
[Round "11.1"]
[White "Kobese, Watu"]
[Black "Hamdouchi, Hichem"]
[Result "0-1"]
[WhiteElo "2373"]
[BlackElo "2533"]
[EventDate "2001.09.25"]
[PlyCount "94"]

1.e4 e5 2.Nf3 d6 3.d4 exd4 4.Nxd4 Nf6 5.Nc3 Be7 6.g3 d5 7.e5 Ng4 8.e6 Nf6 
9.exf7+ Kxf7 10.Bg2 c6 11.O-O Na6 12.h3 Nc5 13.Re1 Re8 14.b4 Ne6 15.a3 
Nxd4 16.Qxd4 Bf5 17.Re2 a5 18.bxa5 Qxa5 19.Bb2 Bd6 20.g4 Bg6 21.g5 Nh5 22.
Bf3 Qc5 23.Ne4 Rxe4 24.Rxe4 dxe4 25.Bxh5 Qxd4 26.Bxg6+ Kxg6 27.Bxd4 Rxa3 
28.Rb1 b5 29.Re1 Kf5 30.Bxg7 Rxh3 31.Ra1 Be5 32.Bxe5 Kxe5 33.Ra7 Kf5 34.
Kg2 Rc3 35.Rxh7 Kxg5 36.Re7 Kf5 37.Rf7+ Ke6 38.Rf8 Rxc2 39.Kg3 b4 40.Re8+ 
Kd5 41.Rd8+ Kc4 42.Re8 Re2 43.Kg2 b3 44.Kf1 b2 45.Rb8 Rd2 46.Ke1 Rc2 47.f4
Rc1+ 0-1

[Event "2nd Africa-ch playoff 3-4"]
[Site "Cairo EGY"]
[Date "2001.09.25"]
[Round "10.2"]
[White "Simutowe, Amon"]
[Black "El-Taher, Fouad"]
[Result "1/2-1/2"]
[WhiteElo "2462"]
[BlackElo "2477"]
[EventDate "2001.09.25"]
[PlyCount "148"]

1.Nf3 Nf6 2.c4 g6 3.Nc3 Bg7 4.d4 d6 5.e4 O-O 6.Be2 c5 7.O-O cxd4 8.Nxd4 
Nc6 9.Nc2 Bd7 10.Be3 Rc8 11.Rc1 Be6 12.f3 a6 13.Na3 Nd7 14.Qd2 f5 15.exf5 
Rxf5 16.f4 Rf7 17.Nab1 Qa5 18.h3 Ncb8 19.a3 Nf6 20.b4 Qd8 21.Nd5 Ne4 22.
Qe1 Nd7 23.Bf3 Bxd5 24.cxd5 Rxc1 25.Qxc1 Ng3 26.Rd1 Bh6 27.Kh2 Nf5 28.g3 
Nxe3 29.Qxe3 Qb6 30.Qxb6 Nxb6 31.Bg4 Rf8 32.Be6+ Kg7 33.Nd2 Rb8 34.h4 Kf8 
35.Rc1 Bg7 36.Rc2 Ke8 37.Kh3 Nd7 38.Ne4 Kd8 39.Ng5 h6 40.Ne4 Rc8 41.Rxc8+ 
Kxc8 42.h5 gxh5 43.Kh4 Kd8 44.a4 b5 45.axb5 axb5 46.f5 Nf6 47.Nc3 Bh8 48.
Nxb5 Ne4 49.Na7 Bf6+ 50.Kxh5 Nxg3+ 51.Kxh6 Kc7 52.Kg6 Kb6 53.Nc8+ Kb5 54.
Nxd6+ Kxb4 55.Nc8 Ne4 56.Kf7 Ng5+ 57.Ke8 Kc5 58.Nxe7 Kd6 59.Nc8+ Ke5 60.d6
Nxe6 61.fxe6 Kxe6 62.d7 Bh4 63.Nb6 Bg5 64.Nc4 Bh4 65.Ne3 Bg5 66.Ng2 Bf6 
67.Nf4+ Kd6 68.Nh5 Bh4 69.Ng7 Bg5 70.Nh5 Ke6 71.Nf4+ Kd6 72.Ng6 Ke6 73.Nh8
Bh4 74.Nf7 Bf6 1/2-1/2

[Event "2nd Africa-ch playoff 3-4"]
[Site "Cairo EGY"]
[Date "2001.09.25"]
[Round "11.2"]
[White "El-Taher, Fouad"]
[Black "Simutowe, Amon"]
[Result "0-1"]
[WhiteElo "2477"]
[BlackElo "2462"]
[EventDate "2001.09.25"]
[PlyCount "160"]

1.e4 c5 2.Nf3 Nc6 3.d4 cxd4 4.Nxd4 Nf6 5.Nc3 Qc7 6.Be2 e6 7.O-O d6 8.Be3 
a6 9.a4 Be7 10.Kh1 O-O 11.f4 Re8 12.Nb3 b6 13.Qd2 Bb7 14.Bf3 Na5 15.Nxa5 
bxa5 16.Rfd1 Nd7 17.Qf2 Bc6 18.Bd4 Rab8 19.Ne2 e5 20.fxe5 dxe5 21.Bc3 Nc5 
22.Qg3 Bf8 23.Rd4 Qb7 24.Rc4 f6 25.Qh4 Bd7 26.Rd1 Be6 27.Rd5 Bxd5 28.exd5 
e4 29.Rxe4 Nxe4 30.Bxe4 g6 31.Bd3 f5 32.h3 Bg7 33.Bxa5 Qxb2 34.Bc7 Qa1+ 
35.Kh2 Be5+ 36.Bxe5 Qxe5+ 37.Ng3 f4 38.Ne4 f3+ 39.g3 Kg7 40.Ng5 h6 41.Ne4 
Rf8 42.d6 f2 43.Bf1 Rb4 44.Qe7+ Qxe7 45.dxe7 Re8 46.Nxf2 Rxe7 47.Bxa6 Rxa4
48.Bd3 Ra2 49.h4 Re3 50.Kh3 h5 51.Ne4 Ra4 52.Nf2 Kf6 53.Kg2 Ra1 54.Nh3 Ra2
55.Nf4 Rxd3 56.Nxd3 Rxc2+ 57.Kh3 Kf5 58.Nf4 Rc4 59.Ng2 Ke4 60.Nf4 Rc6 61.
Kg2 Ke3 62.Nd5+ Ke4 63.Nf4 Kf5 64.Nd5 Rc5 65.Nf4 Kg4 66.Nd3 Rc2+ 67.Nf2+ 
Kf5 68.Kf3 Rc3+ 69.Kg2 Ra3 70.Kh3 Ke5 71.Kg2 Kd4 72.Nh3 Ke4 73.Nf4 Ra2+ 
74.Kh3 Ra6 75.Kg2 Rd6 76.Kh3 Kf3 77.Kh2 Kg4 78.Kg2 Rd2+ 79.Kf1 Kf3 80.Ke1 
Rd6 0-1

[Event "2nd Africa-ch playoff 5-7"]
[Site "Cairo EGY"]
[Date "2001.09.25"]
[Round "10.3"]
[White "Tissir, Mohamed"]
[Black "Rizouk, Aimen"]
[Result "0-1"]
[WhiteElo "2383"]
[BlackElo "2442"]
[EventDate "2001.09.25"]
[PlyCount "54"]

1.Nf3 Nf6 2.d4 d5 3.c4 e6 4.e3 Be7 5.Bd3 Nbd7 6.O-O O-O 7.b3 c5 8.Bb2 cxd4
9.exd4 b6 10.Qe2 Bb7 11.Nbd2 dxc4 12.bxc4 Qc7 13.Rad1 Rfe8 14.Bb1 Qf4 15.
Ne5 Nxe5 16.dxe5 Ng4 17.g3 Qg5 18.h4 Qh5 19.Be4 Bxe4 20.Nxe4 Red8 21.Qf3 
Qf5 22.Qxf5 exf5 23.Nd6 g6 24.Rfe1 f4 25.Kg2 fxg3 26.fxg3 Rd7 27.Ne4 Rxd1 
0-1